| 000 | 005610000a22001810004500 | ||
|---|---|---|---|
| 001 | 768714001 | ||
| 003 | CO-MdFUSB | ||
| 005 | 20170701111955.0 | ||
| 008 | 170701s1998 a ||||| |||| 00| 0 s d | ||
| 022 | _a0326-7637 | ||
| 040 |
_aCO-MdFUSB _cCO-MdFUSB _dCO-MdFUSB |
||
| 100 | 1 |
_aEzzatti, Aracely _eautor |
|
| 245 | 1 | 0 | _aApuntes para una pastoral carcelaria |
| 300 |
_aVolumen 17 (1998), Páginas 35-47 _c23 cm. |
||
| 546 | _aTexto en español | ||
| 773 | 0 |
_tCuadernos de Teología _049404 _959704 _gVolumen 17 (1998), Página 35-47 _qPágina 35 |
|
| 942 | _cANA | ||
| 999 |
_c50020 _d50020 |
||